The rites of passage; (Record no. 6927)
[ view plain ]
| 000 -LEADER | |
|---|---|
| fixed length control field | 00599cam a2200181 4500 |
| 001 - CONTROL NUMBER | |
| control field | 8047 |
| 005 - DATE AND TIME OF LATEST TRANSACTION | |
| control field | 20181127184947.0 |
| 008 - FIXED-LENGTH DATA ELEMENTS--GENERAL INFORMATION | |
| fixed length control field | 760611s1960 enk b 000 0 eng |
| 010 ## - LIBRARY OF CONGRESS CONTROL NUMBER | |
| LC control number | 60001087 |
| 100 1# - MAIN ENTRY--PERSONAL NAME | |
| Personal name | Gennep, Arnold van, |
| Dates associated with a name | 1873-1957. |
| 240 00 - UNIFORM TITLE | |
| Uniform title | Les rites de passage. English |
| 245 14 - TITLE STATEMENT | |
| Title | The rites of passage; |
| Statement of responsibility, etc. | translated by Monika B. Vizedom and Gabrielle L. Caffe. Introd. by Solon T. Kimball. |
| 260 ## - PUBLICATION, DISTRIBUTION, ETC. | |
| Place of publication, distribution, etc. | London, |
| Name of publisher, distributor, etc. | Routledge & Paul |
| Date of publication, distribution, etc. | [1960] |
| 300 ## - PHYSICAL DESCRIPTION | |
| Extent | 198 p. |
| Dimensions | 23 cm. |
| 504 ## - BIBLIOGRAPHY, ETC. NOTE | |
| Bibliography, etc. note | Includes bibliographies. |
| 650 #0 - SUBJECT ADDED ENTRY--TOPICAL TERM | |
| Topical term or geographic name entry element | Rites and ceremonies. |
| Withdrawn status | Lost status | Source of classification or shelving scheme | Damaged status | Not for loan | Collection code | Home library | Current library | Shelving location | Date acquired | Serial Enumeration / chronology | Inventory number | Total Checkouts | Total Renewals | Full call number | Barcode | Date last seen | Date last checked out | Price effective from | Koha item type |
|---|---|---|---|---|---|---|---|---|---|---|---|---|---|---|---|---|---|---|---|
| Dewey Decimal Classification | Main TEST | RTC Library | RTC Library | Main opac | 12/01/2022 | 12131 | 3 | 1 | 305.8 GEN | 30012861 | 03/03/2026 | 02/10/2020 | 27/11/2018 | Main |